000 00262nam a22001097a 4500
082 _a741.642
100 _aJoshi,Amraendra
_979891
245 _aMoral Tales From Bhagwat
260 _aDelhi
_bAdhunik Shabd Shilpi
_c2016
650 _achildren book
942 _cBK
999 _c68424
_d68424